000 00600nam a2200205Ia 4500
005 20250923145650.0
008 008 250917s9999 xx 000 0 eng d
037 _aTextual
040 _aDSWL
_beng
_cDSWL
041 _aeng
_2eng
084 _aY5927:4.213'N7t4, N84
_qDSWL
100 _aPrvathamma, C.
_9837704
245 0 _aScheduled castes and tribes
_c by C.Prvathamma
260 _aNew Delhi
_bDelhi Ashish
_c1984
300 _axiii,310 p.
365 _aINR
_b180.00
925 _g180.00
942 _cTEXL
_hY5927:4.213'N7t4, N84
999 _c1454107
_d1454107